| 000 | 00770nam a2200217 a 4500 | ||
|---|---|---|---|
| 001 | 1435 | ||
| 003 | BR-CuiBMT | ||
| 005 | 20231212233320.0 | ||
| 008 | 231209s2017 mtba 000 0 por d | ||
| 040 |
_aBR-CuiBMT _cBR-CuiBMT |
||
| 080 |
_22007 _a342.53 _x(817.2) |
||
| 090 |
_a342.53(817.2) _bA844a |
||
| 110 | 1 | _aAssembleia Legislativa de Mato Grosso | |
| 245 | 0 | 0 |
_aAnuário institucional da Assembleia Legislativa de Mato Grosso : _b2017 / _cAssembleia Legislativa de Mato Grosso. |
| 260 |
_aCuiabá : _bAssembleia Legislativa de Mato Grosso, _c2018. |
||
| 300 |
_a182 p.: _bil. color. ; _c30 cm |
||
| 650 |
_aAssembleia Legislativa _zMato Grosso |
||
| 650 |
_aAnuário institucional _zMato Grosso |
||
| 650 |
_aAdministração pública _zMato Grosso |
||
| 942 |
_2udc _cLV |
||
| 999 |
_c1435 _d1435 |
||